|
|
|
|
| LEADER |
00000nam0a2200000 4500 |
| 001 |
246691 |
| 005 |
20241126063151.0 |
| 010 |
|
|
|a 5020085200
|
| 035 |
|
|
|a (RuTPU)RU\TPU\book\268144
|
| 090 |
|
|
|a 246691
|
| 100 |
|
|
|a 20131207d1990 k y0rusy50 ca
|
| 101 |
0 |
|
|a rus
|
| 102 |
|
|
|a RU
|
| 105 |
|
|
|a ac z 001zy
|
| 200 |
1 |
|
|a Спасение культурных ценностей в годы Великой Отечественной войны
|f Л. В. Максакова
|g Академия наук СССР (АН СССР), Институт истории СССР
|
| 210 |
|
|
|a Москва
|c Наука
|d 1990
|
| 215 |
|
|
|a 133 с.
|c ил.
|
| 320 |
|
|
|a Библиогр.: с. 130.
|
| 606 |
1 |
|
|a Историческая культурология
|x Россия
|2 stltpush
|3 (RuTPU)RU\TPU\subj\72070
|9 85658
|
| 606 |
|
|
|a Россия
|x История
|7 ca
|8 rus
|2 stltpush
|3 (RuTPU)RU\TPU\subj\64777
|9 81526
|
| 610 |
1 |
|
|a культурные ценности
|
| 610 |
1 |
|
|a Великая Отечественная война 1941-1945
|
| 610 |
1 |
|
|a спасение
|
| 610 |
1 |
|
|a культура
|
| 610 |
1 |
|
|a эвакуация
|
| 610 |
1 |
|
|a памятники культуры
|
| 686 |
|
|
|a Ч113(2)
|v LBC/SL-A
|2 rubbk
|
| 686 |
|
|
|a Т3(2)722.9-2
|v LBC/SL-A
|2 rubbk
|
| 700 |
|
1 |
|a Максакова
|b Л. В.
|g Лидия Владимировна
|
| 712 |
0 |
2 |
|a Академия наук СССР (АН СССР)
|b Институт истории СССР
|c (1968-1991)
|c (Москва)
|2 stltpush
|3 (RuTPU)RU\TPU\col\11069
|
| 801 |
|
1 |
|a RU
|b 63413507
|c 20131207
|
| 801 |
|
2 |
|a RU
|b 63413507
|c 20131218
|g RCR
|
| 942 |
|
|
|c BK
|